=LDR 00000nam 2200000 4500 =001 INLIS000000000033939 =005 20130612135850 =008 ***********************************ind** =035 ##$$0010-061300000033939 =041 ##$$a ind =082 ##$$a 634.655 =090 ##$$a 634.655, Isw m =100 ##$$a Iswanto, Hadi =245 ##$$a Membuat mangga tiga rasa, Hadi iswanto =260 ##$$a 2002 $b Jakarta =300 ##$$a vi,69 hlm, Ilus, 23 cm =650 ##$$a Mangga =850 ##$$a NBPNMAT